[Event "Pan American Amateur-ch"]
[Site "Curitiba"]
[Date "2015.12.20"]
[Round "8"]
[White "Nemeth, Henrique Jr"]
[Black "Barbosa, Jefferson Lucas Mun"]
[Result "1-0"]
[WhiteElo "1967"]
[BlackElo "1925"]
[PlyCount "91"]
[EventDate "2015.12.16"]
[EventType "swiss"]
[EventRounds "9"]
[EventCountry "BRA"]
[SourceTitle "CBM 170 Extra"]
[Source "ChessBase"]
[SourceDate "2016.02.25"]
[SourceVersion "1"]
[SourceVersionDate "2016.02.25"]
[SourceQuality "1"]

1. e4 c5 2. Nc3 Nc6 3. f4 e6 4. Nf3 d5 5. Bb5 Nge7 6. exd5 exd5 7. Qe2 Qd6 8. 0-0 Bg4 9. h3 Bxf3 10. Qxf3 0-0-0 11. Bxc6 Nxc6 12. d3 Nd4 13. Qf2 f5 14. Be3 Ne6 15. d4 c4 16. a4 Be7 17. a5 Bf6 18. Na4 Rhe8 19. c3 Re7 20. Rfe1 Kd7 21. g3 Ke8 22. Qc2 g6 23. b3 cxb3 24. Qxb3 Kf7 25. Nb2 Qa6 26. Bf2 g5 27. Qc2 gxf4 28. Qxf5 fxg3 29. Bxg3 Rg8 30. Kh2 Rg5 31. Qxh7+ Ke8 32. Qd3 Qc6 33. Re3 Qd7 34. Rae1 Kd8 35. Qf1 Rxg3 36. Rxg3 Bh4 37. Rg8+ Kc7 38. Re5 Rf7 39. Rf5 Re7 40. Nd3 Qa4 41. Nb4 Re8 42. Rxe8 Qxe8 43. Nxd5+ Kd6 44. Nf6 Qa4 45. Ne4+ Kc7 46. Qg2 1-0

[Event "Pan American Amateur-ch"]
[Site "Curitiba"]
[Date "2015.12.18"]
[Round "5"]
[White "Torres Chavez, Daniel Alejandro"]
[Black "Nemeth, Henrique Jr"]
[Result "1/2-1/2"]
[WhiteElo "1886"]
[BlackElo "1967"]
[PlyCount "42"]
[EventDate "2015.12.16"]
[EventType "swiss"]
[EventRounds "9"]
[EventCountry "BRA"]
[SourceTitle "CBM 170 Extra"]
[Source "ChessBase"]
[SourceDate "2016.02.25"]
[SourceVersion "1"]
[SourceVersionDate "2016.02.25"]
[SourceQuality "1"]

1. d4 d5 2. c4 c6 3. Nf3 Nf6 4. Nc3 dxc4 5. a4 Bf5 6. e3 e6 7. Ne5 Bb4 8. Nxc4 Ne4 9. Qb3 a5 10. Nd2 0-0 11. Ndxe4 Bxe4 12. Bd2 Bg6 13. Rd1 Nd7 14. Na2 Bxd2+ 15. Rxd2 Qb6 16. Qxb6 Nxb6 17. b3 Rad8 18. Bd3 Bxd3 19. Rxd3 e5 20. 0-0 exd4 21. Rfd1 f6 1/2-1/2

[Event "Caxias do Sul op 12th"]
[Site "Caxias do Sul"]
[Date "2012.03.03"]
[Round "5"]
[White "Nemeth, Henrique Jr"]
[Black "Souza, Ivan Boere"]
[Result "0-1"]
[WhiteElo "1924"]
[BlackElo "2283"]
[PlyCount "79"]
[EventDate "2012.03.03"]
[EventType "swiss (rapid)"]
[EventRounds "9"]
[EventCountry "BRA"]
[SourceTitle "CBM 147 Extra"]
[Source "ChessBase"]
[SourceDate "2012.04.24"]
[SourceVersion "1"]
[SourceVersionDate "2012.04.24"]
[SourceQuality "1"]

1. e4 c5 2. Nc3 Nc6 3. f4 g6 4. Nf3 Bg7 5. g3 e6 6. Bg2 Nge7 7. 0-0 0-0 8. d3 d6 9. Ne2 Rb8 10. c3 f5 11. Be3 h6 12. Qd2 b5 13. e5 Kh7 14. d4 c4 15. h3 d5 16. g4 b4 17. Bf2 Qa5 18. Bh4 Bd7 19. Ng3 Rb7 20. gxf5 Nxf5 21. Nxf5 gxf5 22. Qc2 bxc3 23. bxc3 Rfb8 24. Rab1 Qa3 25. Rxb7 Rxb7 26. Rb1 Rb6 27. Nd2 Nxd4 28. cxd4 Qe3+ 29. Bf2 Rxb1+ 30. Qxb1 Qxd2 31. Qe1 c3 32. Bf3 Bf8 33. Bh5 Qxe1+ 34. Bxe1 c2 35. Bd2 Ba3 36. Bf7 Bc8 37. Kf2 c1Q 38. Bxc1 Bxc1 39. Kf3 Kg7 40. Bh5 0-1

[Event "Parana-ch"]
[Site "Campo Mourao"]
[Date "2011.01.28"]
[Round "6"]
[White "Nemeth, Henrique Jr"]
[Black "Choma, Juliana Luiza"]
[Result "0-1"]
[WhiteElo "1896"]
[BlackElo "1888"]
[PlyCount "44"]
[EventDate "2011.01.25"]
[EventType "swiss"]
[EventRounds "9"]
[EventCountry "BRA"]
[SourceTitle "CBM 140 Extra"]
[Source "ChessBase"]
[SourceDate "2011.03.01"]
[SourceVersion "1"]
[SourceVersionDate "2011.03.01"]
[SourceQuality "1"]

1. e4 d6 2. f4 Nf6 3. Nc3 g6 4. Nf3 Bg7 5. Bc4 0-0 6. d3 c5 7. h3 Nc6 8. Be3 Na5 9. Bb3 Nxb3 10. axb3 a6 11. Qd2 b5 12. g4 Bb7 13. g5 Nh5 14. Rg1 Qc8 15. 0-0-0 Bc6 16. Ne2 a5 17. Ng3 Nxg3 18. Rxg3 a4 19. bxa4 Rxa4 20. Qe1 Ra2 21. b3 Qa6 22. Kd2 Rxc2+ 0-1

[Event "Curitiba Jabur Memorial op"]
[Site "Curitiba"]
[Date "2010.12.??"]
[Round "6"]
[White "De Oliveira, Edson Luciani"]
[Black "Nemeth, Henrique Jr"]
[Result "1-0"]
[WhiteElo "2116"]
[BlackElo "1896"]
[PlyCount "144"]
[EventDate "2010.12.??"]
[EventType "swiss"]
[EventRounds "6"]
[EventCountry "BRA"]
[SourceTitle "CBM 140 Extra"]
[Source "ChessBase"]
[SourceDate "2011.03.01"]
[SourceVersion "1"]
[SourceVersionDate "2011.03.01"]
[SourceQuality "1"]

1. d4 d5 2. Nf3 Nf6 3. c4 c6 4. Qc2 g6 5. Bf4 Bg7 6. e3 0-0 7. Nc3 Nbd7 8. h3 dxc4 9. Bxc4 Nb6 10. Be2 Nbd5 11. Be5 Nd7 12. Bxg7 Kxg7 13. 0-0 N7f6 14. e4 Nf4 15. Rfd1 Nxe2+ 16. Qxe2 Re8 17. Rac1 Bd7 18. a3 Rc8 19. b4 e6 20. e5 Nd5 21. Ne4 Rf8 22. Nd6 Rb8 23. Nd2 f5 24. N2c4 f4 25. Rd3 Qg5 26. Qg4 Qe7 27. Ne4 h5 28. Qg5 Qxg5 29. Nxg5 Kh6 30. h4 Ne7 31. Nd6 Nf5 32. Nxf5+ Rxf5 33. b5 Rff8 34. a4 Kg7 35. a5 Rfe8 36. a6 bxa6 37. bxc6 Bc8 38. d5 exd5 39. Rxd5 Rb5 40. Rcc5 Rxc5 41. Rxc5 Kf8 42. Rd5 Re7 43. Kf1 Ke8 44. Ke2 a5 45. Rxa5 Kd8 46. Kf3 a6 47. Ke4 Kc7 48. Kd5 Re8 49. Rc5 Rd8+ 50. Ke4 Bf5+ 51. Kxf4 Rd4+ 52. Ke3 Rd3+ 53. Ke2 Rd8 54. Nf7 Re8 55. Nd6 Re7 56. Ke3 Kb6 57. c7 Rxc7 58. Rxc7 Kxc7 59. Kd4 Kd7 60. f4 Ke6 61. Kc5 a5 62. Kb5 Kd5 63. Nxf5 gxf5 64. Kxa5 Ke4 65. e6 Kxf4 66. e7 Kg4 67. e8Q Kxh4 68. Qg6 f4 69. Qg7 f3 70. gxf3 Kh3 71. f4 h4 72. f5 Kh2 1-0

[Event "Curitiba Jabur Memorial op"]
[Site "Curitiba"]
[Date "2010.12.??"]
[Round "4"]
[White "Pinto, Renato R Quintilian"]
[Black "Nemeth, Henrique Jr"]
[Result "1-0"]
[WhiteElo "2172"]
[BlackElo "1896"]
[PlyCount "123"]
[EventDate "2010.12.??"]
[EventType "swiss"]
[EventRounds "6"]
[EventCountry "BRA"]
[SourceTitle "CBM 140 Extra"]
[Source "ChessBase"]
[SourceDate "2011.03.01"]
[SourceVersion "1"]
[SourceVersionDate "2011.03.01"]
[SourceQuality "1"]

1. e4 c5 2. Nf3 e6 3. d4 cxd4 4. Nxd4 a6 5. Nc3 Qc7 6. g3 Nf6 7. Bg2 Nc6 8. 0-0 Be7 9. Kh1 d6 10. Nb3 b5 11. a3 Bb7 12. Be3 Ne5 13. Nd4 Nc4 14. Bc1 Rd8 15. f4 h5 16. h3 Nb6 17. Qe1 Kf8 18. b3 Nbd7 19. Bb2 Qb8 20. Qe2 g6 21. Rae1 e5 22. fxe5 dxe5 23. Nf3 Kg7 24. Nd5 Rhe8 25. Nxe7 Rxe7 26. Nh4 Nc5 27. Rxf6 Kxf6 28. Qf2+ Kg7 29. Qxc5 Qd6 30. Qxd6 Rxd6 31. Nf3 f6 32. a4 Rc6 33. Re2 bxa4 34. bxa4 Rc4 35. Ne1 Rxa4 36. Nd3 Rc4 37. Kg1 a5 38. Kf2 Re6 39. Ke3 a4 40. Kd2 Ra6 41. c3 a3 42. Ba1 Rd6 43. Kc2 Ba6 44. Re3 Bb5 45. Kb3 Ra4 46. Bf1 Rb6 47. Kc2 Ra7 48. Be2 Ba4+ 49. Kc1 Rc7 50. h4 Bb3 51. Kd2 Rd7 52. Ke1 Bf7 53. Nb4 Rc7 54. Kd2 Rd6+ 55. Rd3 Rxd3+ 56. Bxd3 Rd7 57. Ke3 Be6 58. c4 Rc7 59. Nd5 Rb7 60. Kd2 a2 61. Kc1 Rb3 62. Nc3 1-0

[Event "Curitiba CXC 70 anos"]
[Site "Curitiba"]
[Date "2008.11.??"]
[Round "2"]
[White "Cordeiro, Marco Aurelio Zaror"]
[Black "Nemeth, Henrique Jr"]
[Result "1-0"]
[WhiteElo "2223"]
[BlackElo "1892"]
[PlyCount "43"]
[EventDate "2008.11.??"]
[EventType "swiss"]
[EventRounds "6"]
[EventCountry "BRA"]
[SourceTitle "EXT 2022"]
[Source "ChessBase"]
[SourceDate "2021.10.06"]
[SourceVersion "1"]
[SourceVersionDate "2021.10.06"]
[SourceQuality "1"]

1. e4 c5 2. Nc3 e6 3. f4 Nc6 4. Nf3 d6 5. Bc4 a6 6. a4 Nf6 7. d3 d5 8. Ba2 Be7 9. 0-0 d4 10. Ne2 b5 11. f5 h6 12. fxe6 Bxe6 13. Bxe6 fxe6 14. Nf4 Kd7 15. c3 g5 16. Ng6 Rg8 17. Nge5+ Nxe5 18. Nxe5+ Ke8 19. Rxf6 Bxf6 20. Qh5+ Ke7 21. Nc6+ Kd7 22. Nxd8 1-0